<?xml version="1.0" encoding="UTF-8"?>
<record
    xmlns:xsi="http://www.w3.org/2001/XMLSchema-instance"
    xsi:schemaLocation="http://www.loc.gov/MARC21/slim http://www.loc.gov/standards/marcxml/schema/MARC21slim.xsd"
    xmlns="http://www.loc.gov/MARC21/slim">

  <leader>03049nam a2200301 c 4500</leader>
  <controlfield tag="001">991025470818107026</controlfield>
  <controlfield tag="003">UkOxU</controlfield>
  <controlfield tag="005">20251002111440.0</controlfield>
  <controlfield tag="008">231013s2024    enka   f b    001 0 eng d</controlfield>
  <datafield tag="020" ind1=" " ind2=" ">
    <subfield code="a">9781009209007</subfield>
  </datafield>
  <datafield tag="035" ind1=" " ind2=" ">
    <subfield code="a">(OCoLC)1417314261</subfield>
  </datafield>
  <datafield tag="035" ind1=" " ind2=" ">
    <subfield code="a">(OCoLC)on1417314261</subfield>
  </datafield>
  <datafield tag="040" ind1=" " ind2=" ">
    <subfield code="a">DKDLA</subfield>
    <subfield code="b">dan</subfield>
    <subfield code="c">DKDLA</subfield>
    <subfield code="d">OCLCO</subfield>
    <subfield code="d">UkOxU</subfield>
  </datafield>
  <datafield tag="041" ind1=" " ind2=" ">
    <subfield code="a">eng</subfield>
  </datafield>
  <datafield tag="050" ind1="1" ind2="4">
    <subfield code="a">HC79.T4</subfield>
    <subfield code="b">L4279 2023</subfield>
  </datafield>
  <datafield tag="100" ind1=" " ind2=" ">
    <subfield code="a">Leiponen, Aija</subfield>
    <subfield code="e">author</subfield>
    <subfield code="9">25970</subfield>
  </datafield>
  <datafield tag="245" ind1="1" ind2="0">
    <subfield code="a">Digital innovation strategy</subfield>
    <subfield code="c">/ Aija Leiponen</subfield>
  </datafield>
  <datafield tag="260" ind1=" " ind2=" ">
    <subfield code="a">Cambridge :</subfield>
    <subfield code="b">Cambridge University Press,</subfield>
    <subfield code="c">2024.</subfield>
  </datafield>
  <datafield tag="300" ind1=" " ind2=" ">
    <subfield code="a">xvi, 280 pages. :</subfield>
    <subfield code="b">illustrations (black and white) ;</subfield>
    <subfield code="c">26 cm.</subfield>
  </datafield>
  <datafield tag="504" ind1=" " ind2=" ">
    <subfield code="a">Includes bibliographical references and index</subfield>
  </datafield>
  <datafield tag="505" ind1="0" ind2=" ">
    <subfield code="a">Part I. Introduction: 1. What is Special about Digital Business Innovation? &#x2014; 2. Digital Disruption &#x2014; 3. Disruptive Communication Networks &#x2014; Part II. Information Products and Sources: 4. Production of Information Goods &#x2014; 5. Pricing of Information &#x2014; 6. Consumption of Information &#x2014; 7. Building and Commercializing Data Assets &#x2014; 8. Business Model Design for Information Goods &#x2014; Part III. Networks: 9. Networks and Systems &#x2014; 10. Network Competition &#x2014; 11. Platform Strategies &#x2014; Part IV. Organizing Digital Innovations: 12. The Inverted Firm &#x2014; 13. Digital Business Models &#x2014; 14. Business Model Framework &#x2014; Part V. Gaining Ecosystem Momentum: 15. Launching a New Digital Business Model &#x2014; 16. Sources of Competitive Advantage in Digital Ecosystems &#x2014; 17. Intellectual Property Rights and Digital Technologies</subfield>
  </datafield>
  <datafield tag="520" ind1="8" ind2=" ">
    <subfield code="a">With its research-based approach and ample practical examples, this book is designed for advanced undergraduates, MBA students, and professionals who seek to deepen their understanding of digital market dynamics by offering a step-by-step guide on how to develop and launch digital innovations. Based on applied economics and from the perspective of an innovator seeking to develop a new digital business, this textbook is aimed at MBA and advanced undergraduate audiences interested in innovation strategy and competition in digital industries. Step-by-step, the book guides innovators through a dynamic market analysis and business model design, leading to an assessment of the future evolution of the market and the broader innovation ecosystem, and what the innovator can do to position the innovation for continued success. Each chapter defines and provides references for key concepts that can be further explored through suggested readings and study questions. Real-world case studies further facilitate forming a comprehensive view on how to resolve strategic challenges of digital innovation. The topics covered in this text are essential for a broad range of managers, consultants, entrepreneurs, technologists, and analysts to understand in depth.</subfield>
  </datafield>
  <datafield tag="650" ind1=" " ind2="0">
    <subfield code="a">Technological innovations </subfield>
    <subfield code="x">Economic aspects</subfield>
    <subfield code="9">3594</subfield>
  </datafield>
  <datafield tag="650" ind1=" " ind2="0">
    <subfield code="a">Information technology </subfield>
    <subfield code="x">Economic aspects</subfield>
    <subfield code="9">12278</subfield>
  </datafield>
  <datafield tag="650" ind1=" " ind2="0">
    <subfield code="a">Strategic planning</subfield>
    <subfield code="9">3573</subfield>
  </datafield>
  <datafield tag="650" ind1=" " ind2="0">
    <subfield code="a">New products</subfield>
    <subfield code="9">8236</subfield>
  </datafield>
  <datafield tag="942" ind1=" " ind2=" ">
    <subfield code="2">lcc</subfield>
  </datafield>
  <datafield tag="952" ind1=" " ind2=" ">
    <subfield code="0">0</subfield>
    <subfield code="1">0</subfield>
    <subfield code="2">lcc</subfield>
    <subfield code="4">0</subfield>
    <subfield code="7">0</subfield>
    <subfield code="a">TBS</subfield>
    <subfield code="b">TBS</subfield>
    <subfield code="d">2025-10-02</subfield>
    <subfield code="l">0</subfield>
    <subfield code="o">HC79.T4 LEI</subfield>
    <subfield code="p">B07633</subfield>
    <subfield code="r">2025-10-02</subfield>
    <subfield code="t">1</subfield>
    <subfield code="w">2025-10-02</subfield>
    <subfield code="y">1</subfield>
  </datafield>
  <datafield tag="999" ind1=" " ind2=" ">
    <subfield code="c">4990</subfield>
    <subfield code="d">4990</subfield>
  </datafield>
</record>
